UM Logo

Philippine politics and governance for senior high school / (Record no. 20600)

MARC details
000 -LEADER
fixed length control field 00614nam a22001697a 4500
005 - DATE AND TIME OF LATEST TRANSACTION
control field 20250319142459.0
008 - FIXED-LENGTH DATA ELEMENTS--GENERAL INFORMATION
fixed length control field 240819b ||||| |||| 00| 0 eng d
020 ## - INTERNATIONAL STANDARD BOOK NUMBER
International Standard Book Number 9789719806110
082 ## - DEWEY DECIMAL CLASSIFICATION NUMBER
Classification number DFil 320.9599 J829 2017
100 ## - MAIN ENTRY--PERSONAL NAME
Personal name Joven, Arnel E.
9 (RLIN) 50908
245 ## - TITLE STATEMENT
Title Philippine politics and governance for senior high school /
Statement of responsibility, etc. Arnel E. Joven.
260 ## - PUBLICATION, DISTRIBUTION, ETC. (IMPRINT)
Place of publication, distribution, etc. Quezon City :
Name of publisher, distributor, etc. C&E Publishing, Inc.,
Date of publication, distribution, etc. ©2017.
300 ## - PHYSICAL DESCRIPTION
Extent viii, 343 pages :
Other physical details color illustrations ;
Dimensions 26 cm.
500 ## - GENERAL NOTE
General note Includes glossary, bibliography, and index.
650 #0 - SUBJECT ADDED ENTRY--TOPICAL TERM
Topical term or geographic name as entry element Philippine
Geographic subdivision Politics and government.
9 (RLIN) 65763
942 ## - ADDED ENTRY ELEMENTS (KOHA)
Source of classification or shelving scheme Dewey Decimal Classification
Koha item type Filipiniana
Holdings
Withdrawn status Lost status Source of classification or shelving scheme Damaged status Not for loan Collection code Home library Current library Date acquired Source of acquisition Total Checkouts Full call number Barcode Date last seen Copy number Price effective from Koha item type
    Dewey Decimal Classification     Filipiniana UM Digos College - LIC UM Digos College - LIC 08/09/2024 Donated   DFil 320.9599 J829 2017 28608 05/15/2025 1 08/19/2024 Filipiniana
    Dewey Decimal Classification     Filipiniana UM Digos College - LIC UM Digos College - LIC 08/09/2024 Donated   DFil 320.9599 J829 2017 28609 05/15/2025 2 08/19/2024 Filipiniana